000 00317nam a22001457a 4500
008 230911b ||||| |||| 00| 0 eng d
020 _a9780521333801
041 _aeng
080 _21
_a521
082 _a521NOR
100 _a19
101 _aASTRO
245 _aSTELLAR POPULATONS
_cNORMAN .A.C
942 _2udc
_cBK
999 _c60318
_d60318